000 02533cam a2200721 a 4500
999 _c56093
001 10031321
003 LIBRIS
005 20210224122504.0
008 051126s2006 sw a||| |00| 0 swe
020 _a9171303995 (inb.)
020 _a9789171303998 (inb.)
035 _a(Bo)396855
035 _a(Mo)b1640861
040 _aLGEN
_dNB
041 1 _aswe
_hdan
082 0 4 _a635.9
_222 (machine generated)
084 _aQef
_2kssb/8
084 _aMåltidsakademiens biblioteksstiftelse
084 _aMåltidslitteratur 2007
084 _aKategori: Köksträdgårdslitteratur
084 _aQef
_2kssb/8
100 1 _aVembye, Dorthe
240 1 0 _aPlantearrangementer til have og terrasse.
_lSvenska
245 1 0 _aKrukor ute :
_barrangera och kombinera växter i kruka /
_cDorthe Vembye ; översättning: Bodil Andersson
260 _aMalmö :
_bDamm,
_c2006
_e(Danmark)
300 _a[3], 85, [2] s. :
_bfärgill. ;
_c28 cm
500 _5Mo
_aOrig:s titel: Plantearrangementer til have og terrasse (danska)
541 _5Gma
541 _5Og
546 _asvenska
650 7 _aPrydnadsväxter
_2sao
_0239647
650 0 _aPlants, Ornamental
650 7 _aPrydnadsväxter
_2sao
653 _aKrukväxter
653 _aBlomsterarrangemang
655 4 _5Mo
_aBok
700 1 _aAndersson, Bodil,
_d1946-
_4trl
_0341152
942 _2z
_cBOOK